Sąsiedzi Niemiec - Statystyki

Ogólne statystyki
  • Ten quiz został rozwiązany 92 razy
  • Średni wynik to 7 z 9
Statystyki odpowiedzi
Hint Odpowiedź % Poprawnych
1 Polska
96%
6 Francja
85%
4 Belgia
83%
3 Holandia
81%
8 Austria
79%
9 Czechy
79%
5 Luksemburg
79%
2 Dania
77%
7 Szwajcaria
75%
Nie znaleziono quizów pasujących do podanych kryteriów
Rozkład punktacji
Procent ludzi z każdym wynikiem
Percentyl według liczby udzielonych odpowiedzi
Twoja historia wyników
Nie rozwiązałeś tego quizu